| 000 | 00369nam a22001217a 4500 | ||
|---|---|---|---|
| 082 | _a220 PRO | ||
| 100 |
_aHUNAIN SADIQ ABRAR HUSSAIN ASFAR NAWAZ _971132 |
||
| 245 | _aPR-SOF-1725-AUTOMATED AQUAPONICS SYSTEM | ||
| 260 |
_aISLAMABAD _bNUST COLLEGE OF EME _c2018 |
||
| 650 |
_a DE-COMP-36 DECLASS _971133 |
||
| 700 |
_a SUPERVISOR DR. Qaiser Chaudry _970543 |
||
| 942 | _cCR | ||
| 999 |
_c577825 _d577825 |
||